Detekcia a segmentácia písmen v historických šifrovaných rukopisoch
Saved in:
| Main Author: | |
|---|---|
| Other Authors: | |
| Format: | Manuscript Book |
| Language: | Slovak |
| Published: |
2025
|
| Subjects: | |
| Online Access: | http://is.stuba.sk/zp/portal_zp.pl?podrobnosti=184433 |
| Tags: |
No Tags, Be the first to tag this record!
|
MARC
| LEADER | 00000ntm a22000003a 4500 | ||
|---|---|---|---|
| 001 | stuzp102088 | ||
| 003 | SK-STU | ||
| 005 | 20250614210945.7 | ||
| 007 | ta | ||
| 008 | 150427s2015----xo-----f-mn---000-0-slo-d | ||
| 040 | |a STU |b slo | ||
| 041 | 0 | |a slo | |
| 100 | 1 | |a Trabalíková, Dagmar |u 035000 |4 aut |U FEI Fakulta elektrotechniky a informatiky |T FEI Ústav informatiky a matematiky |X 111989 |U E050 |Y 816 |7 111989 | |
| 242 | 0 | 1 | |a Detection and segmentation of letters in historical encrypted manuscripts |y eng |
| 245 | 1 | 0 | |a Detekcia a segmentácia písmen v historických šifrovaných rukopisoch |
| 260 | |c 2025 | ||
| 650 | 4 | |a SAHI |2 eng | |
| 650 | 4 | |a web API |2 eng | |
| 650 | 4 | |a computer vision |2 eng | |
| 650 | 4 | |a encrypted documents |2 eng | |
| 650 | 4 | |a historical manuscripts |2 eng | |
| 650 | 4 | |a machine learning |2 eng | |
| 650 | 4 | |a letter segmentation |2 eng | |
| 650 | 4 | |a YOLO |2 eng | |
| 650 | 4 | |a object detection |2 eng | |
| 650 | 4 | |a SAHI |2 slo | |
| 650 | 4 | |a webové API |2 slo | |
| 650 | 4 | |a strojové učenie |2 slo | |
| 650 | 4 | |a segmentácia písmen |2 slo | |
| 650 | 4 | |a YOLO |2 slo | |
| 650 | 4 | |a počítačové videnie |2 slo | |
| 650 | 4 | |a šifrované dokumenty |2 slo | |
| 650 | 4 | |a historické rukopisy |2 slo | |
| 650 | 4 | |a detekcia objektov |2 slo | |
| 700 | 1 | |a Marák, Pavol |u 035000 |k Z1 |4 ths |U FEI Fakulta elektrotechniky a informatiky |T FEI Ústav informatiky a matematiky |X 50790 |U E050 |Y 816 |7 A000050790 | |
| 856 | 4 | |u http://is.stuba.sk/zp/portal_zp.pl?podrobnosti=184433 | |